On rational historiography: (Record no. 32196)

000 -LEADER
fixed length control field 00434nam a22001451a 4500
020 ## - INTERNATIONAL STANDARD BOOK NUMBER
ISBN 9788121508179
082 ## - DEWEY DECIMAL CLASSIFICATION NUMBER
Classification number 907.2
Item number SHE/O
100 ## - MAIN ENTRY--AUTHOR NAME
Personal name Shekhavat V
245 ## - TITLE STATEMENT
Title On rational historiography:
Sub Title an attempt at logical construction of a historiography of sciences in India/
Statement of responsibility, etc by Shekhavat V
260 ## - PUBLICATION, DISTRIBUTION, ETC. (IMPRINT)
Place of publication New Delhi:
Name of publisher Munshiram Manoharlal,
Year of publication 1997.
300 ## - PHYSICAL DESCRIPTION
Number of Pages 152p.
650 ## - SUBJECT ADDED ENTRY--TOPICAL TERM
Topical Term Historiography
650 ## - SUBJECT ADDED ENTRY--TOPICAL TERM
Topical Term History
942 ## - ADDED ENTRY ELEMENTS (KOHA)
Koha item type Book
Holdings
Withdrawn status Lost status Damaged status Not for loan Permanent Location Current Location Date acquired Cost, normal purchase price Full call number Accession Number Cost, replacement price Price effective from Koha item type
        Sree Sankaracharya University of Sanskrit Sree Sankaracharya University of Sanskrit 08.01.2015 290.00 907.2 SHE/O 022470 0.00 08.01.2015 Book